000 01562cam a22002415a 4500
001 L145935
008 081125s2006 xxko f 000 0 eng d
020 _a9781859354537
035 _a(Sirsi) u145935
041 0 _aeng
050 0 4 _a306.1 $2 18
100 1 _aTetlow, Robin
245 0 0 _aContinuing care retirement communities
_ba guide to planning
_h[electronic resource]
260 _aYork
_bJoseph Rowntree Foundation
_c2006
505 2 _aWhat are CCRCs? -- The implications of an ageing population with changing requirements -- Development issues -- Planning policy issues -- Planning application and development control issues -- Bibliography -- Appendix a: examples of CCRCs in the UK
520 _aResearch addresses Continuing Care Retirement Communities (CCRCs) and highlights that while they are few in number in the UK, increasing investment in their creation may prove a wise investment considering the changing demographics of the UK's ageing population. Discusses the practicalities of such schemes and how planning rules may need to offer additional flexibility to offer the support required for their creation. Looks at material planning considerations and covers the benefits, design and potential issues for CCRCs.
521 _aAdvanced
590 _aKA
651 4 _aUnited Kingdom
_y
690 _aENVIRONMENTAL AND LAND CONSULTANCY-PLANNING AND DEVELOPMENT-STRATEGIC DEVELOPMENT
856 4 0 _uhttps://www.jrf.org.uk/knowledge/findings/socialcare/0156.asp
_zView the item free of charge online at www.jrf.org.uk...
942 _n0
999 _c108972
_d108972